000 00430nam a2200169 a 4500
001 0000-8591
003 ELIB.Books
008 110520 1949
035 _a(ELIB.Books)0000-8737
082 _a232
_bO'D
100 _aO'Donnel, Luke
245 _aThe Weakness of God
260 _bMilwaukee: The Bruge Publishing Company
_c1949
650 _aJesus Christ
942 _2ddc
_cBK
998 _cbat
_e2011-05-20
999 _c8591
_d8591